Lukusanoja espanjaksi - Statistics

Yleistilastot
  • Tätä visaa on pelattu 334 kertaa
  • Keskiarvotulos 14 / 44
Vastaustilastot
# Español % Oikein
1 uno
99%
2 dos
97%
3 tres
95%
5 cinco
63%
6 seis
62%
4 cuatro
56%
8 ocho
56%
7 siete
52%
9 nueve
48%
10 diez
44%
1000 mil
34%
11 once
34%
13 trece
34%
0 cero
33%
12 doce
33%
14 catorce
28%
18 dieciocho
28%
16 dieciséis
28%
17 diecisiete
28%
2000 dos mil
28%
100 cien
27%
19 diecinueve
27%
15 quince
27%
20 veinte
26%
50 cincuenta
25%
80 ochenta
25%
60 sesenta
25%
30 treinta
25%
40 cuarenta
24%
ensimmäinen primero
24%
70 setenta
24%
90 noventa
22%
100 000 cien mil
20%
1 000 000 millón
19%
toinen segundo
19%
200 doscientos
17%
kolmas tercero
13%
neljäs cuarto
9%
viides quinto
9%
seitsemäs séptimo
9%
kuudes sexto
9%
kymmenes décimo
8%
kahdeksas octavo
8%
yhdeksäs noveno
7%
Ehtoja vastaavia visoja ei löytynyt
Tulosjakauma
Jokaisen tuloksen saaneiden osuus
Persentiili vastausten määrän mukaan
Tuloshistoriasi
Et ole pelannut tätä visaa